Die Magischen Gemmen: zu Bildern und Zauberformeln auf geschnittenen Steinen der Antike und Neuzeit
| Main Author: | |
|---|---|
| Format: | Print Book |
| Language: | German |
| Subito Delivery Service: | Order now. |
| Check availability: | HBZ Gateway |
| WorldCat: | WorldCat |
| Interlibrary Loan: | Interlibrary Loan for the Fachinformationsdienste (Specialized Information Services in Germany) |
| Published: |
Berlin
Akademie Verl.
2004
|
| In: |
Studien aus dem Warburg-Haus (7)
Year: 2004 |
| Series/Journal: | Studien aus dem Warburg-Haus
7 |
| Standardized Subjects / Keyword chains: | B
Gem
/ Magic (Motif)
/ History
|
| Further subjects: | B
Thesis
|
| Online Access: |
Review Review |
MARC
| LEADER | 00000cam a2200000 c 4500 | ||
|---|---|---|---|
| 001 | 379096285 | ||
| 003 | DE-627 | ||
| 005 | 20260130134755.0 | ||
| 007 | tu | ||
| 008 | 040218s2004 gw ||||| m 00| ||ger c | ||
| 015 | |a 04,N10,1036 |2 dnb | ||
| 015 | |a 04,A51,1403 |2 dnb | ||
| 016 | 7 | |a 970121741 |2 DE-101 | |
| 020 | |a 3050038497 |c Gewebe |9 3-05-003849-7 | ||
| 024 | 3 | |a 9783050038490 | |
| 035 | |a (DE-627)379096285 | ||
| 035 | |a (DE-576)114420971 | ||
| 035 | |a (DE-599)GBV379096285 | ||
| 035 | |a (OCoLC)249320418 | ||
| 035 | |a (OCoLC)1078711272 | ||
| 035 | |a (AT-OBV)AC04101650 | ||
| 040 | |a DE-627 |b ger |c DE-627 |e rakwb | ||
| 041 | |a ger | ||
| 044 | |c XA-DE-BE | ||
| 072 | 7 | |a ART000000 |2 bisacsh | |
| 082 | 0 | |a 700 | |
| 082 | 0 | 4 | |a 730 |
| 082 | 0 | 4 | |a 700 |
| 084 | |a 6,14 |a 9,10 |2 ssgn | ||
| 084 | |a 6,14 |a 9,10 |a 1 |2 ssgn | ||
| 084 | |a LG 5500 |2 rvk |0 (DE-625)rvk/92150: | ||
| 084 | |a BE 2560 |2 rvk |0 (DE-625)rvk/10528: | ||
| 084 | |a 20.60 |2 bkl | ||
| 084 | |a 21.97 |2 bkl | ||
| 084 | |a 15.17 |2 bkl | ||
| 090 | |a a | ||
| 100 | 1 | |0 (DE-588)135432499 |0 (DE-627)576604526 |0 (DE-576)317602861 |4 aut |a Michel, Simone |d 1965- | |
| 109 | |a Michel, Simone 1965- | ||
| 191 | |a 1 | ||
| 245 | 1 | 4 | |a Die Magischen Gemmen |b zu Bildern und Zauberformeln auf geschnittenen Steinen der Antike und Neuzeit |c Simone Michel |
| 263 | |a Gb. : ca. EUR 128.00 | ||
| 264 | 1 | |a Berlin |b Akademie Verl. |c 2004 | |
| 300 | |a XVI, 580 S. |b zahlr. Ill. |c 25 cm | ||
| 336 | |a Text |b txt |2 rdacontent | ||
| 337 | |a ohne Hilfsmittel zu benutzen |b n |2 rdamedia | ||
| 338 | |a Band |b nc |2 rdacarrier | ||
| 490 | 1 | |a Studien aus dem Warburg-Haus |v 7 | |
| 500 | |a Bibliographie S. [531] - 539 | ||
| 502 | |a Zugl.: Giessen, Univ., Habil.-Schr., 1997 | ||
| 583 | 1 | |a Archivierung/Langzeitarchivierung gewährleistet |f SSG |x XA-DE-BW |2 pdager |5 DE-16 | |
| 583 | 1 | |a Archivierung prüfen |c 20240324 |f DE-4165 |z 2 |2 pdager | |
| 601 | |a Neuzeit | ||
| 655 | 7 | |a Hochschulschrift |0 (DE-588)4113937-9 |0 (DE-627)105825778 |0 (DE-576)209480580 |2 gnd-content | |
| 689 | 0 | 0 | |d s |0 (DE-588)4020059-0 |0 (DE-627)106319469 |0 (DE-576)208931694 |2 gnd |a Gemme |
| 689 | 0 | 1 | |d s |0 (DE-588)4221252-2 |0 (DE-627)105011568 |0 (DE-576)210271582 |2 gnd |a Magie |g Motiv |
| 689 | 0 | 2 | |q z |2 gnd |a Geschichte |
| 689 | 0 | |5 DE-101 | |
| 751 | |a Gießen |0 (DE-588)4020989-1 |0 (DE-627)106316036 |0 (DE-576)208935665 |4 uvp | ||
| 830 | 0 | |a Studien aus dem Warburg-Haus |v 7 |9 7 |w (DE-627)374081204 |w (DE-576)075647133 |w (DE-600)2127979-2 |x 2192-0079 |7 am | |
| 856 | 4 | 2 | |u https://swbplus.bsz-bw.de/bsz114420971rez.htm |m V:DE-576 |v 2006-04-04 |3 Rezension |7 1 |
| 856 | 4 | 2 | |u http://www.sehepunkte.de/2006/01/7760.html |m V:DE-576;X:Sehepunkte |q text/html |v 20180424124014 |3 Rezension |7 1 |
| 935 | |a mteo | ||
| 935 | |i sf | ||
| 935 | |i Blocktest | ||
| 936 | r | v | |a LG 5500 |b Gemmen |k Klassische Archäologie |k Antike Kunst und Kultur |k Kleinkunst |k Gemmen |0 (DE-627)1271764563 |0 (DE-625)rvk/92150: |0 (DE-576)201764563 |
| 936 | r | v | |a BE 2560 |b Allgemeines |k Theologie und Religionswissenschaften |k Religionswissenschaft |k Systematische Religionswissenschaft |k Religionsphänomenologie |k Religiöses Leben und Praktiken |k Hexerei, Magie |k Allgemeines |0 (DE-627)1270709321 |0 (DE-625)rvk/10528: |0 (DE-576)200709321 |
| 936 | b | k | |a 20.60 |j Kunst der Antike: Allgemeines |0 (DE-627)106406604 |
| 936 | b | k | |a 21.97 |j Kunsthandwerk |j Kunstgewerbe: Sonstiges |0 (DE-627)106404636 |
| 936 | b | k | |a 15.17 |j Klassische Archäologie |0 (DE-627)106419749 |
| 951 | |a BO | ||
| ELC | |b 1 | ||
| ITA | |a 1 | ||
| LOK | |0 000 xxxxxcx a22 zn 4500 | ||
| LOK | |0 001 3184822702 | ||
| LOK | |0 003 DE-627 | ||
| LOK | |0 004 379096285 | ||
| LOK | |0 005 20100407164521 | ||
| LOK | |0 008 050301||||||||||||||||ger||||||| | ||
| LOK | |0 040 |a DE-21-11 |c DE-627 |d DE-21-11 | ||
| LOK | |0 541 |e k05-135 | ||
| LOK | |0 852 |a DE-21-11 | ||
| LOK | |0 852 1 |c KLA K Mich |m p |9 00 | ||
| LOK | |0 935 |a klar | ||
| LOK | |0 938 |k p | ||
| LOK | |0 939 |a 01-03-05 |b l01 | ||
| LOK | |0 000 xxxxxcx a22 zn 4500 | ||
| LOK | |0 001 3184822710 | ||
| LOK | |0 003 DE-627 | ||
| LOK | |0 004 379096285 | ||
| LOK | |0 005 20131113115300 | ||
| LOK | |0 008 131113||||||||||||||||ger||||||| | ||
| LOK | |0 040 |a DE-21-35 |c DE-627 |d DE-21-35 | ||
| LOK | |0 541 |e 13/901 | ||
| LOK | |0 852 |a DE-21-35 | ||
| LOK | |0 852 1 |c Vr 26.5 |m p |9 00 | ||
| LOK | |0 938 |a 1311 |f K6 | ||
| LOK | |0 938 |k p | ||
| LOK | |0 939 |a 13-11-13 |b l01 | ||
| ORI | |a SA-MARC-ixtheoa001.raw | ||
| REL | |a 1 | ||
| STA | 0 | 0 | |a Gem,Ingraved gem,History,History,History in art |
| STB | 0 | 0 | |a Camée,Histoire,Histoire,Histoire |
| STC | 0 | 0 | |a Gema,Historia,Historia,Historia |
| STD | 0 | 0 | |a Gemma incisa,Storia,Storia |
| STE | 0 | 0 | |a 历史,史,宝石 |
| STF | 0 | 0 | |a 寶石,歷史,史 |
| STG | 0 | 0 | |a Gema,História,História |
| STH | 0 | 0 | |a Гемма,История (мотив),История |
| STI | 0 | 0 | |a Ιστορία (μοτίβο),Ιστορία,Χαραγμένο στολίδι |
| SUB | |a REL | ||
| SYG | 0 | 0 | |a Zauber,Zauberei,Artes magicae,Magische Künste,Zauberkunst <Magie>,Zauber,Zauberei,Artes magicae,Magische Künste,Zauberkunst , History,Geschichtliche Epoche,Historical development,Historische Entwicklung,Landesgeschichte,Regionalgeschichte,Ortsgeschichte,Zeitgeschichte |